000
00215nam a2200097Ia 4500
005
20251222114344.0
008
251222s1900||||xx |||||||||||||| ||spa||
082
_a
DVD0050/L32/2005
245
0
_a
Constantine:
942
_c
DVD
999
_c
988
_d
988